Delivering e-learning for information services in higher education (Record no. 4417)

MARC details
000 -LEADER
fixed length control field 00652nam a2200181Ia 4500
020 ## - INTERNATIONAL STANDARD BOOK NUMBER
ISBN 1-84334-095-X
082 ## - DEWEY DECIMAL CLASSIFICATION NUMBER
Classification number 378.1734 CAT-D
100 ## - MAIN ENTRY--AUTHOR NAME
Personal name Catherall, Paul
245 #0 - TITLE STATEMENT
Title Delivering e-learning for information services in higher education
260 ## - PUBLICATION, DISTRIBUTION, ETC. (IMPRINT)
Place of publication Oxford
Name of publisher Chandos Publishing
Year of publication 2005
300 ## - PHYSICAL DESCRIPTION
Number of Pages xiii, 217
440 ## - SERIES STATEMENT/ADDED ENTRY--TITLE
Title Chandos information professional series
504 ## - BIBLIOGRAPHY, ETC. NOTE
Bibliography, etc includes bibliography and index
650 ## - SUBJECT ADDED ENTRY--TOPICAL TERM
Topical Term Education, Higher; Computer-assisted instruction; Electronic data processing
Form subdivision Study and teaching (Higher)
650 ## - SUBJECT ADDED ENTRY--TOPICAL TERM
Topical Term Electronic data processing in programmed instruction
700 ## - ADDED ENTRY--PERSONAL NAME
Personal name Rikowski, Ruth
942 ## - ADDED ENTRY ELEMENTS (KOHA)
Koha item type Books
Holdings
Withdrawn status Lost status Damaged status Not for loan Home library Current library Date acquired Source of acquisition Bill Date Full call number Accession Number Price effective from Koha item type
        NASSDOC Library NASSDOC Library 21/11/2005 OP 2005-09-27 378.1734 CAT-D 41109 18/04/2019 Books